000 00602nam a2200205Ia 4500
005 20250508162728.0
008 008 250505s9999 xx 000 0 eng d
020 _a81-85150-03-6
037 _aTextual
040 _aFEDL
_beng
_cFEDL
041 _aeng
_2eng
084 _a370.954, MAT
_qFEDL
100 _aMathew A
245 0 _aChristian missions, education and nationalism : From dominance to compromise 1870-1930
260 _aDelhi, India
_bAmar Prakashan
_c1988
300 _avi,261p
650 _aEducation
942 _cTEXL
_h370.954, MAT
999 _c1378347
_d1378347